NHL A-Z - Statistics

General Stats
  • This quiz has been taken 28 times
    27 since last reset
  • The average score is 17 of 26
Answer Stats
Letter Hint Answer % Correct
A City home to the Ducks, used to be the Mighty Ducks. Anaheim
100%
C Country home to the most NHLers, about 40%. Canada
96%
O The current leader for goals all-time. (Last name). Ovechkin
88%
W "The Great One." Wayne Gretzky
88%
Z Machine used to resurface ice before every period. Zamboni
88%
M The newest team in the NHL. Mammoth
85%
Q The avalanche moved to Denver from... Québec City
85%
H The Montréal Canadiens are also known as the... Habs
81%
G This type of hat trick consists of a goal, an assist and a fight. Gordie Howe
77%
N City P.K. Subban moved to after his time in Montréal Nashville
77%
I When a player sends the puck all the way down the ice before crossing the half-way line. Icing
73%
K The third newest team in the NHL. Kraken
73%
L Ex-Penguin who leads the league in Art Ross Trophies. (Last name). Lemieux
73%
V Trophy awarded to the best goalie in the league. Vézina
73%
E The easiest goal to score. Empty Netter
62%
F Event that replaced the all-star game in 2025. Four nations
62%
R Nickname of the famous Maurice Richard Rocket Richard
50%
S What it all comes down to. Stanley Cup
50%
U Penalty players receive when they behave badly on the ice. Unsportsmanlike Conduct
50%
D Sportsnet hockey analyst who got fired in 2019. Don Cherry
46%
J He played for the Calgary Flames from 1996-2013. Jerome Iginla
46%
X Sibling enforcers who play for the canadiens. Xhekaj
42%
Y Dylan Cozens is the only player from... Yukon
42%
B He scored the winning goal in overtime for the leafs to win the Stanley Cup in 1951 and went missing just months later. Bill Barilko
35%
T Band that wrote a song about B. The Tragically Hip
23%
P P.K. is short for... Pernell-Karl
19%
No matching quizzes found
Score Distribution
Percent of People with Each Score
Percentile by Number Answered
Your Score History
You have not taken this quiz since the last reset